|
|
|
|
| LEADER |
00681nnm a2200193 i 4500 |
| 001 |
eta1275 |
| 005 |
20181217084118.0 |
| 008 |
181203suuuu hu o 0|| hun d |
| 040 |
|
|
|a SZTE Elektronikus Tananyag Archívum
|b hun
|
| 041 |
|
|
|a hun
|
| 100 |
1 |
|
|a Balogh László
|
| 245 |
1 |
0 |
|a Sport - kultúra - sportkultúra
|h [elektronikus dokumentum] /
|c Balogh László
|
| 246 |
1 |
0 |
|a Sport - culture - sports culture
|h [elektronikus dokumentum]
|
| 516 |
|
|
|a Book
|
| 650 |
|
4 |
|a Orvos- és egészségtudomány
|
| 650 |
|
4 |
|a Egészségtudományok
|
| 650 |
|
4 |
|a Sport és fitnesztudományok
|
| 695 |
|
|
|a sport
|
| 856 |
4 |
0 |
|u https://eta.bibl.u-szeged.hu/1275/2/sportkultura/index.html
|z Dokumentum-elérés
|